| 000 | 00574nam a2200193 a 4500 | ||
|---|---|---|---|
| 005 | 20140412111242.0 | ||
| 008 | 020412s19uu xx 00 eng d | ||
| 020 | _a1-85758-917-3 | ||
| 050 |
_aTR(GS 372.61 _bF448 1998 |
||
| 100 | _aFidge, Louis | ||
| 245 |
_aBasic skills grammar / _cLouis Fidge; illustration by Lightweight Designs. |
||
| 260 |
_aLondon : _bLetts Educational, _c1998. |
||
| 300 | _a1 v. (unp.) ; ill. | ||
| 440 | _aLetts Grammar, ages 9-10, key stage 2 | ||
| 650 | _aPronouns | ||
| 650 | _aVerb tenses | ||
| 650 | _aDirect speech | ||
| 999 |
_c102783 _d102783 |
||